Man and his gods/ (Record no. 13201)
[ view plain ]
| 000 -LEADER | |
|---|---|
| fixed length control field | 00896nam a22002651 4500 |
| 001 - CONTROL NUMBER | |
| control field | 4528691 |
| 005 - DATE AND TIME OF LATEST TRANSACTION | |
| control field | 19790420000000.0 |
| 008 - FIXED-LENGTH DATA ELEMENTS--GENERAL INFORMATION | |
| fixed length control field | 790405s1952 mau 000 0 eng |
| 010 ## - LIBRARY OF CONGRESS CONTROL NUMBER | |
| LC control number | 52005512 |
| 040 ## - CATALOGING SOURCE | |
| Original cataloging agency | DLC |
| Transcribing agency | DLC |
| Modifying agency | DLC |
| 050 00 - LIBRARY OF CONGRESS CALL NUMBER | |
| Classification number | BL80 |
| Item number | .S65 |
| 082 00 - DEWEY DECIMAL CLASSIFICATION NUMBER | |
| Classification number | 290 |
| Edition number | 20 |
| Item number | SMI |
| 100 1# - MAIN ENTRY--PERSONAL NAME | |
| Personal name | Smith, Homer William, |
| Dates associated with a name | 1895-1962. |
| 9 (RLIN) | 10633 |
| 245 10 - TITLE STATEMENT | |
| Title | Man and his gods/ |
| Statement of responsibility, etc | Homer W. Smith;Foreword by Albert Einstein. |
| 250 ## - EDITION STATEMENT | |
| Edition statement | [1st ed.] |
| 260 ## - PUBLICATION, DISTRIBUTION, ETC. (IMPRINT) | |
| Place of publication, distribution, etc | New York, |
| Name of publisher, distributor, etc | Crossets Universal Library, |
| Date of publication, distribution, etc | c.1952. |
| 300 ## - PHYSICAL DESCRIPTION | |
| Extent | 501 p. |
| Dimensions | 22 cm. |
| 500 ## - GENERAL NOTE | |
| General note | Foreworded By: Albert Einsten. |
| 500 ## - GENERAL NOTE | |
| General note | Includes Index. |
| 500 ## - GENERAL NOTE | |
| General note | Donations. |
| 500 ## - GENERAL NOTE | |
| General note | Donated By: Alaa Abdel Ghaney. |
| 650 #0 - SUBJECT ADDED ENTRY--TOPICAL TERM | |
| Topical term or geographic name as entry element | Religion |
| General subdivision | History. |
| 9 (RLIN) | 10634 |
| 942 ## - ADDED ENTRY ELEMENTS (KOHA) | |
| Source of classification or shelving scheme | Dewey Decimal Classification |
| Item type | Book - Borrowing |
| Withdrawn status | Item status | Source of classification or shelving scheme | Damaged status | Not for loan | Vendor | Home library | Current library | Shelving location | Date acquired | Source of acquisition | Total Checkouts | Total Renewals | Full call number | Barcode | Checked out | Date last seen | Date last borrowed | Koha item type | Public note |
|---|---|---|---|---|---|---|---|---|---|---|---|---|---|---|---|---|---|---|---|
| Dewey Decimal Classification | Central Library | Central Library | Lower Floor | 24/01/2010 | 1 | 2 | 290 SMI | 000019608 | 09/10/2016 | 17/01/2016 | 17/01/2016 | Book - Borrowing | Donated By: Alaa abdel ghaney. |